Archivos del Consejo de Higiene de Valparaíso. Segundo semestre de 1897 y año 1898
Uloženo v:
| Korporativní autor: | |
|---|---|
| Médium: | Kniha |
| Jazyk: | španělština |
| Vydáno: |
Valparaíso
Imprenta Gillet, Coronel Urriola, Núm. 16
1890
|
| Vydání: | 1a. ed |
| Témata: | |
| Tagy: |
Přidat tag
Žádné tagy, Buďte první, kdo vytvoří štítek k tomuto záznamu!
|
MARC
| LEADER | 00000nam a2200000 a 4500 | ||
|---|---|---|---|
| 001 | UCJ6409 | ||
| 003 | CL-VaPUC | ||
| 008 | 070124e18900000CL |||||||||||||||||spa|d | ||
| 082 | 0 | 4 | |a 983 |b CON |2 21 |
| 110 | 2 | |a Consejo de Higiene |e author |9 513027 | |
| 245 | 1 | 0 | |a Archivos del Consejo de Higiene de Valparaíso. Segundo semestre de 1897 y año 1898 |
| 250 | |a 1a. ed | ||
| 300 | |a 31 p | ||
| 651 | 0 | |a Valparaíso, Chile |9 261144 | |
| 942 | |c BK | ||
| 945 | |d 20070124 00:00:00 |a rinostro | ||
| 260 | |a Valparaíso |b Imprenta Gillet, Coronel Urriola, Núm. 16 |c 1890 | ||
| 650 | 7 | |a HIGIENE |2 CL-VaPUC |9 513028 | |
| 650 | 7 | |a SALUBRIDAD |2 CL-VaPUC |9 459475 | |
| 650 | 0 | |a Alimentos |9 256203 | |
| 650 | 0 | |a Medicina |9 258507 | |
| 650 | 0 | |a Demografía |9 260008 | |
| 650 | 0 | |a Alcantarillado |9 260369 | |
| 650 | 0 | |a Agua potable |9 260375 | |
| 650 | 7 | |a BASURA |2 CL-VaPUC |9 349548 | |
| 650 | 0 | |a Prostitución |9 344312 | |
| 650 | 0 | |a Conventillos |9 472417 | |
| 650 | 7 | |a MORTALIDAD |2 CL-VaPUC |9 341601 | |
| 583 | |a last modification |c 20140102 04:20:09 |k Rodrigo Vera | ||
| 999 | |c 322514 |d 322512 | ||
| 952 | |0 0 |1 0 |4 0 |6 983_000000000000000_CON_1890 |7 0 |8 X |9 401520 |a FDOBUD |b FDOBUD |d 2019-11-22 |i 1047884 |o 983 CON 1890 |p 1047884 |r 2019-11-22 |w 2019-11-22 |y BK_X |k BUD | ||